| 000 | 00611nam a2200193 a 4500 | ||
|---|---|---|---|
| 005 | 20240830063854.0 | ||
| 008 | 991125s1979 mx 000 0 spa u | ||
| 020 | _a9685826714 | ||
| 035 | _aUPN01000055743 | ||
| 049 | _aCG | ||
| 050 | 4 |
_aNC620 _bB3.7 |
|
| 100 | 1 | _aBalmori Picazo, Santos | |
| 245 | 1 | 0 |
_aTécnicas de la expresión plástica : _bel dibujo, su aprendizaje y ejercicio / _cSantos Balmori Picazo. |
| 260 |
_aMéxico : _bUNAM, Coordinación de Humanidades, _c1979. |
||
| 300 |
_a93 p. : _bil. |
||
| 650 | 4 |
_aANATOMIA ARTISTICA _9564 |
|
| 650 | 4 |
_aDibujo _xEstudio y enseñanza _913 |
|
| 905 | _aLibro | ||
| 999 |
_c55743 _d55743 |
||